000 00325nam a2200133Ia 4500
005 20251222155204.0
008 251222s9999||||xx |||||||||||||| ||spa||
082 _aMIC.28
100 _aTOMAS AGURTO SAEZ.
245 0 _aTécnicas de coloraciones de células y tejidos
250 _a1ra. ed.
264 _bURP
942 _cLIB
999 _c40052
_d40052